[Event "Titled Tuesday intern op 23rd Apr Late"]
[Site "Chess.com INT"]
[Date "2024.04.23"]
[Round "1"]
[White "Drygalov, Andrey"]
[Black "Mizzi, Jack"]
[Result "1-0"]
[WhiteElo "2455"]
[BlackElo "2051"]
[PlyCount "59"]
[EventDate "2024.04.23"]
[EventType "swiss (blitz)"]
[EventRounds "11"]
[EventCountry "USA"]
[SourceTitle "CB18_2024"]
[SourceDate "2024.05.01"]
[SourceVersion "1"]
[SourceVersionDate "2024.05.01"]
[SourceQuality "2"]

1. e4 c6 2. Nf3 d5 3. d3 dxe4 4. dxe4 Qxd1+ 5. Kxd1 g6 6. Nbd2 Bg7 7. Ne1 Nd7 8. Nd3 Ngf6 9. f3 0-0 10. c3 b6 11. Kc2 Bb7 12. a4 a5 13. Nc4 Ba6 14. Nce5 Rac8 15. Be3 Nxe5 16. Nxe5 Bxf1 17. Rhxf1 c5 18. Nc4 Rc6 19. Rad1 Rfc8 20. e5 Ne8 21. Rd7 Kf8 22. Rb7 R8c7 23. Rxb6 Rxb6 24. Nxb6 Bxe5 25. Nc4 Bf6 26. Rd1 e6 27. Nxa5 Ke7 28. Nc4 Ng7 29. g4 h5 30. g5 1-0

[Event "Titled Tuesday intern op 23rd Apr Late"]
[Site "Chess.com INT"]
[Date "2024.04.23"]
[Round "7"]
[White "Mizzi, Jack"]
[Black "Guerra Tulcan, Lenin"]
[Result "1/2-1/2"]
[WhiteElo "2051"]
[BlackElo "2310"]
[PlyCount "114"]
[EventDate "2024.04.23"]
[EventType "swiss (blitz)"]
[EventRounds "11"]
[EventCountry "USA"]
[SourceTitle "CB18_2024"]
[SourceDate "2024.05.01"]
[SourceVersion "1"]
[SourceVersionDate "2024.05.01"]
[SourceQuality "2"]

1. d4 Nf6 2. c4 c5 3. d5 b5 4. cxb5 a6 5. e3 d6 6. Nc3 g6 7. Nf3 Bg7 8. a4 0-0 9. Be2 axb5 10. Bxb5 Ba6 11. 0-0 Bxb5 12. Nxb5 Nbd7 13. Re1 Nb6 14. e4 Qd7 15. e5 dxe5 16. Nxe5 Qxd5 17. Qxd5 Nfxd5 18. a5 Rfb8 19. Nc6 Rb7 20. a6 Rd7 21. Bd2 Kf8 22. a7 Rc8 23. Ra6 Bxb2 24. Rb1 Bf6 25. Na3 Kg7 26. Ba5 Na8 27. Nb8 Rd6 28. Rxd6 exd6 29. Nd7 Nb4 30. g3 Bd4 31. Nb5 Be5 32. Bxb4 cxb4 33. Rxb4 Rc6 34. Nxe5 dxe5 35. Ra4 h5 36. Kg2 g5 37. h4 f6 38. hxg5 fxg5 39. Kf3 Kg6 40. Ke4 h4 41. Kd5 Rc1 42. gxh4 gxh4 43. Kxe5 Rc5+ 44. Kd6 Rxb5 45. Rxh4 Ra5 46. Kc6 Rxa7 47. Rb4 Kf5 48. Rb8 Ra1 49. Rf8+ Ke4 50. Kb7 Ra2 51. Rxa8 Rb2+ 52. Kc7 Kf3 53. Rf8+ Kg4 54. f4 Rf2 55. Rg8+ Kxf4 56. Rf8+ Ke3 57. Rxf2 Kxf2 1/2-1/2

[Event "Titled Tuesday intern op 16th Apr Late"]
[Site "Chess.com INT"]
[Date "2024.04.16"]
[Round "8"]
[White "Mizzi, Jack"]
[Black "Shapiro, Viktor"]
[Result "0-1"]
[WhiteElo "2051"]
[BlackElo "2113"]
[PlyCount "112"]
[EventDate "2024.04.16"]
[EventType "swiss (blitz)"]
[EventRounds "11"]
[EventCountry "USA"]
[SourceTitle "CB17_2024"]
[SourceDate "2024.04.24"]
[SourceVersion "1"]
[SourceVersionDate "2024.04.24"]
[SourceQuality "1"]

1. d4 Nf6 2. c3 g6 3. g3 Bg7 4. Bg2 0-0 5. Nf3 d6 6. 0-0 Nbd7 7. Nbd2 c5 8. e4 Rb8 9. a4 a6 10. Re1 cxd4 11. cxd4 e5 12. Nc4 Qc7 13. b3 b5 14. axb5 axb5 15. dxe5 bxc4 16. exf6 Bxf6 17. Bh6 cxb3 18. Rb1 Nc5 19. Bxf8 Kxf8 20. Qd2 Be6 21. Rec1 b2 22. Rc2 Qb6 23. e5 Nb3 24. Rcxb2 Nxd2 25. Rxb6 Nxf3+ 26. Bxf3 Rxb6 27. Rxb6 Bxe5 28. Rb5 Bd4 29. Bd5 Bc5 30. Bxe6 fxe6 31. Kf1 h5 32. Rb7 d5 33. Ke2 Be7 34. Ke3 Bf6 35. f4 Kg8 36. Kd3 Kf8 37. Kc2 Bd4 38. Kd3 Bg1 39. Rb2 Kf7 40. Rg2 Bc5 41. h3 Bd6 42. Rf2 Kf6 43. g4 hxg4 44. hxg4 g5 45. f5 e5 46. Rf1 Bc5 47. Rh1 e4+ 48. Ke2 d4 49. Rh6+ Ke5 50. Re6+ Kf4 51. f6 d3+ 52. Kd2 Bb4+ 53. Kd1 e3 54. f7 e2+ 55. Kc1 e1Q+ 56. Rxe1 d2+ 0-1

[Event "Titled Tuesday intern op 16th Apr Early"]
[Site "Chess.com INT"]
[Date "2024.04.16"]
[Round "4"]
[White "Mizzi, Jack"]
[Black "Van Baar, Esper"]
[Result "1-0"]
[WhiteElo "2051"]
[BlackElo "2204"]
[PlyCount "61"]
[EventDate "2024.04.16"]
[EventType "swiss (blitz)"]
[EventRounds "11"]
[EventCountry "USA"]
[SourceTitle "CB17_2024"]
[SourceDate "2024.04.24"]
[SourceVersion "1"]
[SourceVersionDate "2024.04.24"]
[SourceQuality "1"]

1. d4 Nf6 2. c4 g6 3. g3 Bg7 4. Bg2 0-0 5. Nf3 c6 6. 0-0 d5 7. b3 Bf5 8. Bb2 a5 9. Nc3 Ne4 10. Rc1 Nxc3 11. Bxc3 Be4 12. Qd2 a4 13. Ne5 Bxg2 14. Kxg2 Nd7 15. Rfd1 Nxe5 16. dxe5 dxc4 17. bxc4 e6 18. Bb4 Qxd2 19. Rxd2 Rfd8 20. Rxd8+ Rxd8 21. Bd6 Bf8 22. c5 f6 23. f4 fxe5 24. fxe5 Ra8 25. Rb1 Ra7 26. Rb6 Kf7 27. Bb8 Ra5 28. Rxb7+ Kg8 29. Bd6 Bxd6 30. exd6 Kf8 31. Rb8+ 1-0

[Event "Titled Tuesday intern op 16th Apr Late"]
[Site "Chess.com INT"]
[Date "2024.04.16"]
[Round "3"]
[White "Zavgorodniy, Sergiy"]
[Black "Mizzi, Jack"]
[Result "1-0"]
[WhiteElo "2379"]
[BlackElo "2051"]
[PlyCount "73"]
[EventDate "2024.04.16"]
[EventType "swiss (blitz)"]
[EventRounds "11"]
[EventCountry "USA"]
[SourceTitle "CB17_2024"]
[SourceDate "2024.04.24"]
[SourceVersion "1"]
[SourceVersionDate "2024.04.24"]
[SourceQuality "1"]

1. d4 Nf6 2. c4 e6 3. Nf3 d5 4. e3 Be7 5. Nbd2 0-0 6. Bd3 dxc4 7. Nxc4 c5 8. 0-0 Nc6 9. dxc5 Bxc5 10. a3 a5 11. b3 Qd5 12. Bb2 Rd8 13. Be2 Ne4 14. Qc2 Nf6 15. Rfd1 Qe4 16. Rxd8+ Nxd8 17. Bd3 Qg4 18. Bxf6 gxf6 19. Bxh7+ Kg7 20. Be4 f5 21. Nce5 Qxe4 22. Qxc5 Nc6 23. Nxf7 Qd3 24. N7e5 Qxb3 25. Nxc6 bxc6 26. Qe7+ Kg8 27. Ne5 Qb7 28. Qe8+ Kg7 29. Qg6+ Kf8 30. Rd1 Ra6 31. Rd8+ Ke7 32. Qe8+ Kf6 33. Qh8+ Ke7 34. Ng6+ Kf7 35. Rf8+ Kxg6 36. Qf6+ Kh5 37. Rh8+ 1-0

[Event "Titled Tuesday intern op 02nd Apr Late"]
[Site "Chess.com INT"]
[Date "2024.04.02"]
[Round "7"]
[White "Mizzi, Jack"]
[Black "Curi, Gabriel"]
[Result "0-1"]
[WhiteElo "2051"]
[BlackElo "2106"]
[PlyCount "104"]
[EventDate "2024.04.02"]
[EventType "swiss (blitz)"]
[EventRounds "11"]
[EventCountry "USA"]
[SourceTitle "CB15_2024"]
[SourceDate "2024.04.10"]
[SourceVersion "1"]
[SourceVersionDate "2024.04.10"]
[SourceQuality "1"]

1. d4 d5 2. c4 c6 3. Nf3 Nf6 4. Nbd2 e6 5. g3 c5 6. cxd5 exd5 7. Bg2 Nc6 8. dxc5 Bxc5 9. 0-0 0-0 10. Nb3 Bb6 11. Nfd4 Re8 12. e3 Ne5 13. a4 a6 14. a5 Ba7 15. Bd2 Nc4 16. Bc3 Ne4 17. Qc2 Bd7 18. Rfd1 Rc8 19. Qd3 Nxc3 20. bxc3 Nb2 21. Qc2 Nxd1 22. Rxd1 Ba4 23. Qa2 Bxd4 24. Rxd4 Bxb3 25. Qxb3 Qxa5 26. Bxd5 Re7 27. Rf4 Qxc3 28. Bxf7+ Kh8 29. Qd5 Qc1+ 30. Kg2 Qc6 31. Qxc6 Rxc6 32. Bd5 Rc8 33. Rb4 b5 34. e4 g6 35. h4 Kg7 36. Rd4 a5 37. f4 b4 38. Kf3 Ra7 39. h5 Rb8 40. Ba2 a4 41. hxg6 hxg6 42. Bb1 b3 43. e5 a3 44. f5 gxf5 45. Bxf5 a2 46. Rg4+ Kf7 47. e6+ Kf6 48. Kf4 a1Q 49. Rg6+ Ke7 50. Rg7+ Kd6 51. Rxa7 Qxa7 52. e7 Qxe7 0-1

[Event "Titled Tuesday intern op 02nd Apr Early"]
[Site "Chess.com INT"]
[Date "2024.04.02"]
[Round "10"]
[White "Mizzi, Jack"]
[Black "Hua, Lefong"]
[Result "0-1"]
[WhiteElo "2051"]
[BlackElo "2305"]
[PlyCount "170"]
[EventDate "2024.04.02"]
[EventType "swiss (blitz)"]
[EventRounds "11"]
[EventCountry "USA"]
[SourceTitle "CB15_2024"]
[SourceDate "2024.04.10"]
[SourceVersion "1"]
[SourceVersionDate "2024.04.10"]
[SourceQuality "1"]

1. d4 Nf6 2. c4 c5 3. d5 e6 4. Nc3 exd5 5. cxd5 d6 6. g3 g6 7. Bg2 Bg7 8. Nf3 0-0 9. 0-0 a6 10. a4 Re8 11. Nd2 Nbd7 12. Nc4 Ne5 13. Nxe5 Rxe5 14. e4 Re8 15. Re1 Rb8 16. a5 b5 17. axb6 Rxb6 18. h3 Nd7 19. Na4 Rb4 20. Bd2 Rb8 21. Qc2 h5 22. Rab1 h4 23. g4 a5 24. Bc3 Bf6 25. Qd2 Rb4 26. Bxb4 axb4 27. b3 Bd4 28. Qf4 Qe7 29. Rbd1 g5 30. Qc1 Ne5 31. Rxd4 cxd4 32. Qd2 Qf6 33. Rc1 Bd7 34. Nb6 Bb5 35. Rd1 Rb8 36. Qxd4 Be2 37. Rd2 Bf3 38. Nd7 Nxd7 39. Qxf6 Nxf6 40. Bxf3 Rc8 41. Kg2 Nd7 42. Rd4 Rb8 43. Be2 Nc5 44. Bc4 f6 45. Rd1 Ra8 46. Kf3 Ra3 47. Rb1 Ra2 48. Ke3 Kf7 49. Rf1 Rb2 50. f4 gxf4+ 51. Rxf4 Kg6 52. Rf1 Nxb3 53. Rd1 Nc5 54. Rg1 Rh2 55. Kd4 Rxh3 56. g5 fxg5 57. Bb5 b3 58. Be8+ Kf6 59. Bb5 b2 60. Rf1+ Ke7 61. Bc4 Nb3+ 62. Bxb3 Rxb3 63. Rb1 h3 64. Kc4 Rb8 65. Kc3 h2 66. Kc2 Kf6 67. Rf1+ Ke5 68. Kb1 Kxe4 69. Re1+ Kxd5 70. Rd1+ Ke5 71. Rh1 g4 72. Rxh2 g3 73. Rh4 Kf5 74. Rh5+ Kf4 75. Rh7 g2 76. Rf7+ Kg3 77. Rg7+ Kf2 78. Rf7+ Kg1 79. Rg7 Rf8 80. Rg6 Kf2 81. Kxb2 g1Q 82. Rxd6 Qg3 83. Rd2+ Ke3 84. Rc2 Qe5+ 85. Kc1 Rf1# 0-1

[Event "Titled Tuesday intern op 02nd Apr Early"]
[Site "Chess.com INT"]
[Date "2024.04.02"]
[Round "1"]
[White "Mizzi, Jack"]
[Black "Ivanchuk, Vassily"]
[Result "0-1"]
[WhiteElo "2051"]
[BlackElo "2611"]
[PlyCount "116"]
[EventDate "2024.04.02"]
[EventType "swiss (blitz)"]
[EventRounds "11"]
[EventCountry "USA"]
[SourceTitle "CB15_2024"]
[SourceDate "2024.04.10"]
[SourceVersion "1"]
[SourceVersionDate "2024.04.10"]
[SourceQuality "1"]

1. d4 d5 2. c4 Nc6 3. Nf3 Bg4 4. cxd5 Bxf3 5. dxc6 Bxc6 6. Nc3 e6 7. a3 Nf6 8. Qd3 Qd7 9. e4 0-0-0 10. Be3 Ng4 11. 0-0-0 Kb8 12. b3 Bxa3+ 13. Kc2 Bb4 14. d5 Bxc3 15. dxc6 Nxe3+ 16. fxe3 Qxd3+ 17. Rxd3 Be5 18. Be2 bxc6 19. Rhd1 Rd6 20. Rf1 Rf8 21. h4 Kb7 22. g4 h6 23. g5 hxg5 24. hxg5 g6 25. Bg4 Rxd3 26. Kxd3 Rd8+ 27. Kc2 Rd7 28. Rh1 Bd6 29. Rh7 Re7 30. Kd3 Kb6 31. Kc4 a5 32. Rh8 Bc5 33. Rh3 Rd7 34. Rf3 Bb4 35. Bh3 Ba3 36. Bg4 Bb2 37. Bh3 Ba3 38. Bg4 Bb4 39. Bh3 Be1 40. Rf1 Bh4 41. Rg1 Bf2 42. Rf1 Bxe3 43. e5 Bxg5 44. Bg2 Bh4 45. Rc1 Bf2 46. Kc3 c5 47. Kc4 Bd4 48. Kd3 Bxe5+ 49. Kc2 Bg7 50. Rf1 Be5 51. b4 axb4 52. Kb3 Rd3+ 53. Kc2 Rc3+ 54. Kb1 b3 55. Be4 Re3 56. Bh1 Re2 57. Rd1 Ra2 58. Rd6+ cxd6 0-1

[Event "Titled Tuesday intern op 02nd Apr Early"]
[Site "Chess.com INT"]
[Date "2024.04.02"]
[Round "3"]
[White "Mizzi, Jack"]
[Black "Kacprzak, Kacper"]
[Result "0-1"]
[WhiteElo "2051"]
[BlackElo "2255"]
[PlyCount "138"]
[EventDate "2024.04.02"]
[EventType "swiss (blitz)"]
[EventRounds "11"]
[EventCountry "USA"]
[SourceTitle "CB15_2024"]
[SourceDate "2024.04.10"]
[SourceVersion "1"]
[SourceVersionDate "2024.04.10"]
[SourceQuality "1"]

1. d4 Nf6 2. c4 c5 3. d5 b5 4. cxb5 a6 5. e3 g6 6. Nc3 Bg7 7. Nf3 0-0 8. Be2 axb5 9. Bxb5 Ba6 10. Bxa6 Nxa6 11. 0-0 d6 12. h3 Nb4 13. Re1 Qa5 14. a3 Qa6 15. Qe2 Qxe2 16. Rxe2 Nbxd5 17. Nxd5 Nxd5 18. e4 Nb6 19. e5 Nc4 20. exd6 exd6 21. Ra2 Rfb8 22. Ne1 Rb3 23. Rc2 d5 24. a4 Ra5 25. Bd2 Nxd2 26. Rxd2 c4 27. Nf3 Rb4 28. g4 h6 29. h4 Rbxa4 30. Rxa4 Rxa4 31. Rxd5 Bxb2 32. Rc5 c3 33. g5 h5 34. Kf1 Re4 35. Rc7 Kf8 36. Kg2 Ke8 37. Kg3 Re2 38. Nd4 Rd2 39. Nb3 Rd3+ 40. Kf4 c2 41. Rc8+ Kd7 42. Rxc2 Rxb3 43. f3 Rb4+ 44. Kg3 Be5+ 45. Kh3 Ke6 46. Re2 Kf5 47. Re1 Rb2 48. Rh1 Kf4 49. Rh2 Rxh2+ 50. Kxh2 Kxf3+ 51. Kh3 Kf4 52. Kg2 Kg4 53. Kh1 Kxh4 54. Kg2 Kxg5 55. Kh1 Kf5 56. Kg2 g5 57. Kh1 g4 58. Kg2 Kg5 59. Kh1 f5 60. Kg2 f4 61. Kh1 h4 62. Kg2 h3+ 63. Kh1 Kf5 64. Kg1 Ke4 65. Kh1 Kf3 66. Kg1 g3 67. Kh1 Bd6 68. Kg1 Bc5+ 69. Kh1 g2+ 0-1

[Event "Titled Tuesday intern op 02nd Apr Late"]
[Site "Chess.com INT"]
[Date "2024.04.02"]
[Round "11"]
[White "Mizzi, Jack"]
[Black "Mirzoev, Azer"]
[Result "1/2-1/2"]
[WhiteElo "2051"]
[BlackElo "2447"]
[PlyCount "134"]
[EventDate "2024.04.02"]
[EventType "swiss (blitz)"]
[EventRounds "11"]
[EventCountry "USA"]
[SourceTitle "CB15_2024"]
[SourceDate "2024.04.10"]
[SourceVersion "1"]
[SourceVersionDate "2024.04.10"]
[SourceQuality "1"]

1. d4 d5 2. c4 e6 3. g3 c6 4. Bg2 f5 5. Nd2 Nf6 6. Ngf3 Bd6 7. 0-0 0-0 8. b3 Ne4 9. Bb2 Nd7 10. Ne5 Nxe5 11. dxe5 Bc5 12. Nxe4 fxe4 13. e3 Bb6 14. Rc1 Bd7 15. Bd4 Qe7 16. c5 Bc7 17. f4 exf3 18. Rxf3 Qg5 19. h4 Qg6 20. Qc2 Qxc2 21. Rxc2 Rxf3 22. Bxf3 Rf8 23. Kg2 Kf7 24. Bh5+ Ke7 25. Bf3 Be8 26. Rf2 Bg6 27. h5 Bd3 28. g4 a5 29. Kg3 Ke8 30. Rd2 Bb1 31. Rb2 Bd3 32. Rd2 Bb5 33. a4 Ba6 34. Rd1 h6 35. Kg2 Bd8 36. Kg3 Bg5 37. Rd2 Kd7 38. Rd1 Rg8 39. Re1 Bd3 40. Bc3 Be7 41. Bd4 Bc2 42. Bd1 Bxd1 43. Rxd1 g6 44. hxg6 Rxg6 45. Rh1 Bg5 46. Rf1 Ke8 47. Rf3 Be7 48. Kh3 Bd8 49. Rf1 Bc7 50. Rf6 Rxf6 51. exf6 Kf7 52. e4 dxe4 53. Be3 Kg6 54. f7 Kxf7 55. Bxh6 Kf6 56. Be3 Be5 57. Kh4 Kg6 58. g5 Bc3 59. Kg4 Be5 60. Kh4 Bc7 61. Kg4 e5 62. Kh4 Bd8 63. Kg4 Be7 64. Kh4 Bf8 65. Kg4 Be7 66. Kh4 Bf8 67. Kg4 Be7 1/2-1/2

[Event "Titled Tuesday intern op 02nd Apr Late"]
[Site "Chess.com INT"]
[Date "2024.04.02"]
[Round "5"]
[White "Mizzi, Jack"]
[Black "Shtivelband, Richard"]
[Result "0-1"]
[WhiteElo "2051"]
[BlackElo "2031"]
[PlyCount "180"]
[EventDate "2024.04.02"]
[EventType "swiss (blitz)"]
[EventRounds "11"]
[EventCountry "USA"]
[SourceTitle "CB15_2024"]
[SourceDate "2024.04.10"]
[SourceVersion "1"]
[SourceVersionDate "2024.04.10"]
[SourceQuality "1"]

1. d4 Nf6 2. c4 e6 3. g3 c5 4. d5 exd5 5. cxd5 d6 6. Bg2 g6 7. Nc3 Bg7 8. Nf3 0-0 9. 0-0 Re8 10. Nd2 a6 11. a4 Nbd7 12. Nc4 Ne5 13. Nxe5 Rxe5 14. Bf4 Re8 15. e4 Ng4 16. h3 Ne5 17. a5 b5 18. axb6 Qxb6 19. Na4 Qb4 20. Bd2 Qb5 21. Qc2 Rb8 22. Bc3 Qd3 23. Qxd3 Nxd3 24. Bxg7 Kxg7 25. Rfd1 c4 26. Rab1 Bd7 27. Nc3 Nxb2 28. Rd4 a5 29. f4 a4 30. Bf1 a3 31. Na2 Ba4 32. Ra1 Bb3 33. Nc3 a2 34. Rd2 Nd3 35. Bxd3 cxd3 36. Rb2 Bc4 37. Rxb8 Rxb8 38. Kf2 Rb2+ 39. Ke3 Rc2 40. Nxa2 Rxa2 41. Rb1 Re2+ 42. Kf3 d2 43. Rd1 Bd3 44. e5 dxe5 45. fxe5 Rxe5 46. Rxd2 Bb5 47. Kf4 f6 48. d6 Bd7 49. g4 Kf7 50. h4 h6 51. Kg3 g5 52. hxg5 hxg5 53. Rf2 Ke6 54. Rd2 Rd5 55. Re2+ Kxd6 56. Re1 Be6 57. Rf1 Ke7 58. Ra1 Rd4 59. Ra7+ Bd7 60. Ra5 Rxg4+ 61. Kf3 Rf4+ 62. Kg3 Kf7 63. Ra7 Ke7 64. Ra6 Bf5 65. Rb6 Kf7 66. Ra6 Kg6 67. Ra8 Rd4 68. Rg8+ Kf7 69. Rb8 Be6 70. Rb7+ Rd7 71. Rb6 Bd5 72. Ra6 Kg6 73. Rb6 Be4 74. Rb4 Rd3+ 75. Kf2 f5 76. Rb6+ Kh5 77. Rf6 Kg4 78. Ke2 Kf4 79. Rf8 g4 80. Rf7 g3 81. Rg7 g2 82. Kf2 Rd2+ 83. Ke1 Rb2 84. Kd1 Ke3 85. Kc1 Rf2 86. Rg3+ Kd4 87. Rg8 Rf1+ 88. Kd2 g1Q 89. Rd8+ Ke5 90. Rd4 Qxd4+ 0-1

[Event "Titled Tuesday intern op 12th Mar Late"]
[Site "Chess.com INT"]
[Date "2024.03.12"]
[Round "8"]
[White "Djokic, Mihailo"]
[Black "Mizzi, Jack"]
[Result "1-0"]
[WhiteElo "2139"]
[BlackElo "2043"]
[PlyCount "137"]
[EventDate "2024.03.12"]
[EventType "swiss (blitz)"]
[EventRounds "11"]
[EventCountry "USA"]
[SourceTitle "CB12_2024"]
[SourceDate "2023.10.01"]
[SourceVersion "1"]
[SourceVersionDate "2023.10.01"]
[SourceQuality "1"]

1. e4 c6 2. d4 d5 3. e5 c5 4. dxc5 e6 5. Nf3 Bxc5 6. Bd3 Ne7 7. Nbd2 Ng6 8. Nb3 Bb6 9. 0-0 Bc7 10. Re1 Nc6 11. Bg5 Nce7 12. h4 h6 13. Bd2 Nf5 14. Bxf5 exf5 15. Bb4 Nf4 16. g3 Nh3+ 17. Kg2 f4 18. e6 Bxe6 19. Nfd4 Nxf2 20. Nxe6 fxe6 21. Qh5+ Kd7 22. Qf7+ Kc8 23. Qxe6+ Kb8 24. Kxf2 fxg3+ 25. Kg2 a5 26. Be7 Qe8 27. Bd6 Qc6 28. Bxc7+ Qxc7 29. Qe5 a4 30. Nc5 Ra5 31. Qxc7+ Kxc7 32. Ne6+ Kd6 33. Nxg7 d4 34. Re6+ Kd7 35. Rf1 Rg8 36. Rf7+ Kc8 37. Nf5 Kb8 38. Ree7 Rb5 39. Nd6 Rxb2 40. Rxb7+ Rxb7 41. Rxb7+ Ka8 42. Rb4 Rd8 43. Rxa4+ Kb8 44. Rxd4 Rd7 45. c4 h5 46. Kxg3 Rg7+ 47. Kf4 Rg4+ 48. Ke5 Rg1 49. Ne4 Rf1 50. c5 Kc7 51. Rd6 Rc1 52. Rh6 Rg1 53. Rxh5 Kc6 54. Rh6+ Kc7 55. a4 Ra1 56. Ra6 Kb7 57. Ra5 Kc6 58. Ra6+ Kb7 59. Rb6+ Kc7 60. Rb4 Kc6 61. h5 Rh1 62. Nf6 Re1+ 63. Re4 Rh1 64. Kf5 Kxc5 65. Kg6 Rg1+ 66. Rg4 Rh1 67. h6 Kb6 68. h7 Rxh7 69. Kxh7 1-0

[Event "Titled Tuesday intern op 12th Mar Late"]
[Site "Chess.com INT"]
[Date "2024.03.12"]
[Round "9"]
[White "Mizzi, Jack"]
[Black "Dzierzak, Radoslaw"]
[Result "0-1"]
[WhiteElo "2043"]
[BlackElo "2212"]
[PlyCount "144"]
[EventDate "2024.03.12"]
[EventType "swiss (blitz)"]
[EventRounds "11"]
[EventCountry "USA"]
[SourceTitle "CB12_2024"]
[SourceDate "2023.10.01"]
[SourceVersion "1"]
[SourceVersionDate "2023.10.01"]
[SourceQuality "1"]

1. d4 Nf6 2. c4 e6 3. g3 Bb4+ 4. Nd2 0-0 5. Bg2 d5 6. Qc2 Nc6 7. Ngf3 dxc4 8. Qxc4 Qd5 9. Qxd5 exd5 10. 0-0 Bd6 11. a3 Bf5 12. b4 Rfe8 13. e3 Bd3 14. Re1 a5 15. bxa5 Nxa5 16. Bb2 Ne4 17. Rac1 b5 18. Bf1 Bxf1 19. Kxf1 Nc4 20. Nxc4 bxc4 21. Ra1 Reb8 22. Reb1 Rb3 23. Bc1 Rxb1 24. Rxb1 Kf8 25. Ra1 Ra4 26. Ke2 Nc3+ 27. Kd2 Nb5 28. Kc2 Bxa3 29. Bd2 Ra7 30. Ne5 Bd6 31. Rxa7 Nxa7 32. Ba5 Bxe5 33. dxe5 c6 34. Kc3 Nb5+ 35. Kb4 Ke7 36. Kc5 Kd7 37. f4 c3 38. f5 c2 39. Bd2 Nc3 40. Kb4 Na2+ 41. Kb3 c1Q 42. Bxc1 Nxc1+ 43. Kc2 Ne2 44. Kd3 Ng1 45. e4 dxe4+ 46. Kxe4 Ne2 47. Ke3 Nc3 48. Kd4 Nd5 49. g4 Ke7 50. Kc5 Ne3 51. h3 h5 52. Kxc6 hxg4 53. hxg4 Nxg4 54. Kd5 Ne3+ 55. Ke4 Nc4 56. Kd4 Nb6 57. Kc5 Nd7+ 58. Kd5 g6 59. fxg6 fxg6 60. e6 Nf8 61. Ke5 Nxe6 62. Ke4 Kf6 63. Kf3 Kf5 64. Kg3 g5 65. Kf3 g4+ 66. Kg3 Kg5 67. Kg2 Kf4 68. Kf2 g3+ 69. Kg1 Kf3 70. Kf1 g2+ 71. Kg1 Nc5 72. Kh2 Kf2 0-1

[Event "Titled Tuesday intern op 27th Feb Late"]
[Site "Chess.com INT"]
[Date "2024.02.27"]
[Round "7"]
[White "Mizzi, Jack"]
[Black "Akhayan, Ruben"]
[Result "0-1"]
[WhiteElo "2043"]
[BlackElo "2249"]
[PlyCount "140"]
[EventDate "2024.02.27"]
[EventType "swiss (blitz)"]
[EventRounds "11"]
[EventCountry "USA"]
[SourceTitle "CB10_2024"]
[SourceDate "2024.03.06"]
[SourceVersion "1"]
[SourceVersionDate "2024.03.06"]
[SourceQuality "1"]

1. d4 f5 2. c4 Nf6 3. Nf3 e6 4. g3 c6 5. Bg2 d5 6. 0-0 Bd6 7. Nbd2 0-0 8. Ne5 a5 9. Qc2 Qe7 10. b3 a4 11. Bb2 a3 12. Bc1 Na6 13. Ndf3 Ne4 14. c5 Bc7 15. Bd2 Bd7 16. Rab1 Be8 17. b4 Bh5 18. b5 cxb5 19. Rxb5 Bxe5 20. dxe5 Bxf3 21. exf3 Nxd2 22. Qxd2 Nxc5 23. Qb4 b6 24. Rxb6 Rfe8 25. Rc1 Nd3 26. Qxe7 Rxe7 27. Rcc6 Kf7 28. f4 Nb2 29. Rxe6 Rxe6 30. Bxd5 Rae8 31. Rd6 Na4 32. Kf1 Nc5 33. Rc6 Ne4 34. f3 Nd2+ 35. Ke2 Nb1 36. Kd3 Rd8 37. Kc4 Rxd5 38. Kxd5 Rxc6 39. Kxc6 Ke6 40. g4 g6 41. Kc5 Nc3 42. Kc4 Nxa2 43. Kb3 Nc1+ 44. Kxa3 Nd3 45. Kb3 Nxf4 46. Kc4 Kxe5 47. Kc3 fxg4 48. fxg4 Nh3 49. Kd2 Kf4 50. g5 Nxg5 51. Ke2 Nf3 52. Kf2 Nxh2 53. Kg2 Ng4 54. Kh3 h5 55. Kh4 Nf6 56. Kh3 g5 57. Kg2 g4 58. Kh2 h4 59. Kg2 g3 60. Kh3 Kf3 61. Kxh4 g2 62. Kg5 g1Q+ 63. Kxf6 Qc5 64. Ke6 Kf4 65. Kd7 Qb6 66. Ke7 Qc6 67. Kf7 Qd6 68. Ke8 Qc7 69. Kf8 Kf5 70. Kg8 Kg6 0-1

[Event "Titled Tuesday intern op 13th Feb Late"]
[Site "Chess.com INT"]
[Date "2024.02.13"]
[Round "11"]
[White "Mizzi, Jack"]
[Black "Derjabin, Ilja"]
[Result "0-1"]
[WhiteElo "2043"]
[BlackElo "2333"]
[PlyCount "144"]
[EventDate "2024.02.13"]
[EventType "swiss (blitz)"]
[EventRounds "11"]
[EventCountry "USA"]
[SourceTitle "CB08_2024"]
[SourceDate "2024.02.21"]
[SourceVersion "1"]
[SourceVersionDate "2024.02.21"]
[SourceQuality "1"]

1. d4 Nf6 2. c4 c5 3. d5 b5 4. cxb5 a6 5. e3 d6 6. Nc3 g6 7. Nf3 Bg7 8. a4 0-0 9. Be2 Nbd7 10. 0-0 axb5 11. Bxb5 Ba6 12. h3 Ne8 13. Bc6 Bxf1 14. Qxf1 Nc7 15. Bxa8 Qxa8 16. e4 Rb8 17. a5 Rb4 18. Qe2 Qa6 19. Qc2 Nb5 20. Qe2 Nc7 21. Qc2 Qb7 22. Nd2 Na6 23. b3 Rd4 24. Nc4 Ne5 25. Nb6 Nd3 26. Be3 Ndb4 27. Qc1 Rd3 28. Nba4 Nc7 29. Bd2 Qa6 30. Nb2 Rd4 31. Be3 Nd3 32. Nxd3 Rxd3 33. Bd2 Bd4 34. Qf1 Rxd2 35. Qxa6 Nxa6 36. Rc1 Bxc3 37. Rxc3 Rd1+ 38. Kh2 Ra1 39. f4 Rxa5 40. e5 Ra2 41. Kg3 Rd2 42. e6 Rxd5 43. Re3 f5 44. Re1 Nc7 45. Kh4 Kg7 46. Ra1 Nxe6 47. Ra8 Nxf4 48. Re8 Kf7 49. Rh8 Ne6 50. Rxh7+ Kf6 51. Rh8 g5+ 52. Kh5 Nf4+ 53. Kh6 Nxg2 54. Rf8+ Ke6 55. Kxg5 f4+ 56. Kg4 Ne3+ 57. Kf3 Nf5 58. Kxf4 Nd4 59. Ke4 Nxb3 60. Rh8 Re5+ 61. Kd3 Nd4 62. h4 Kd5 63. h5 c4+ 64. Kd2 Nf3+ 65. Kc2 Re2+ 66. Kc3 Re3+ 67. Kc2 Nd4+ 68. Kd2 Re2+ 69. Kc1 c3 70. Kd1 Rd2+ 71. Kc1 Nb3+ 72. Kb1 Rb2# 0-1